<?xml version="1.0" encoding="UTF-8"?>
<collection xmlns="http://www.loc.gov/MARC21/slim">
 <record>
  <leader>00850nam a2200193 a 4500</leader>
  <controlfield tag="001">1/48710</controlfield>
  <controlfield tag="008">190514s1997    gr a          00010 gre  </controlfield>
  <datafield tag="035" ind1=" " ind2=" ">
   <subfield code="l">51708</subfield>
  </datafield>
  <datafield tag="040" ind1=" " ind2=" ">
   <subfield code="a">GR-PeUP</subfield>
  </datafield>
  <datafield tag="082" ind1="0" ind2="0">
   <subfield code="a">270.0092 NIK</subfield>
  </datafield>
  <datafield tag="100" ind1="1" ind2=" ">
   <subfield code="a">Νικηταράς, Παύλος,</subfield>
   <subfield code="d">1912-1999.</subfield>
  </datafield>
  <datafield tag="245" ind1="1" ind2="2">
   <subfield code="a">O Γέροντας Aμφιλόχιος Μακρής :</subfield>
   <subfield code="b">μιά σύγχρονη μορφή της Πάτμου (1889-1970) /</subfield>
   <subfield code="c">Αρχιμ. Παύλου Νικηταρά.</subfield>
  </datafield>
  <datafield tag="250" ind1=" " ind2=" ">
   <subfield code="a">4η έκδ.</subfield>
  </datafield>
  <datafield tag="260" ind1="0" ind2=" ">
   <subfield code="a">Αθήναι :</subfield>
   <subfield code="b">Επτάλοφος,</subfield>
   <subfield code="c">1997.</subfield>
  </datafield>
  <datafield tag="300" ind1=" " ind2=" ">
   <subfield code="a">188 σ. :</subfield>
   <subfield code="b">εικ. ;</subfield>
   <subfield code="c">20 εκ.</subfield>
  </datafield>
  <datafield tag="600" ind1="0" ind2="4">
   <subfield code="a">Αμφιλόχιος ο εν Πάτμω,</subfield>
   <subfield code="c">Όσιος</subfield>
   <subfield code="d">1889-1970.</subfield>
  </datafield>
  <datafield tag="650" ind1=" " ind2="4">
   <subfield code="a">Κλήρος</subfield>
   <subfield code="x">Βιογραφία.</subfield>
  </datafield>
  <datafield tag="650" ind1=" " ind2="4">
   <subfield code="a">Clergy</subfield>
   <subfield code="x">Biography.</subfield>
  </datafield>
  <datafield tag="852" ind1=" " ind2=" ">
   <subfield code="a">INST</subfield>
   <subfield code="b">UNIPILB</subfield>
   <subfield code="c">MAIN</subfield>
   <subfield code="e">20190514</subfield>
   <subfield code="h">270.0092 NIK</subfield>
   <subfield code="p">00181179</subfield>
   <subfield code="q">00181179</subfield>
   <subfield code="t">LOAN</subfield>
   <subfield code="y">0</subfield>
   <subfield code="4">1</subfield>
  </datafield>
 </record>
</collection>
